Star Wars Characters by Actors - Statistics

General Stats
  • This quiz has been taken 79 times
  • The average score is 9 of 13
Answer Stats
Hint Answer % Correct
Mark Hamill Luke Skywalker
99%
Harrison Ford Han Solo
97%
Adam Driver Kylo Ren
92%
John Boyega Finn
85%
Carrie Fisher Princess Leia Organa
85%
Kenny Baker R2-D2
80%
David Prowse Darth Vader
77%
Oscar Issac Poe Dameron
77%
Daisy Ridley Rey Palpatine
77%
Anthony Daniels C-3PO
76%
Peter Mayhew Chewbacca
73%
Keri Russell Zorii Bliss
13%
Larry Ward Jabba the Hutt
11%
No matching quizzes found
Score Distribution
Percent of People with Each Score
Percentile by Number Answered
Your Score History
You have not taken this quiz